Stations on the Merseyrail Wirral Line - Statistics

General Stats
  • This quiz has been taken 372 times
  • The average score is 24 of 34
Answer Stats
Answer % Correct
West Kirby
89%
Hamilton Square
86%
New Brighton
84%
Birkenhead Central
82%
Birkenhead North
81%
Lime Street
81%
James Street
80%
Liverpool Central
80%
Chester
79%
Hoylake
75%
Meols
75%
Port Sunlight
75%
Rock Ferry
75%
Bidston
74%
Moorfields
74%
Birkenhead Park
73%
Bebington
72%
Bromborough
72%
Moreton
72%
Ellesmere Port
70%
Green Lane
70%
Conway Park
67%
Leasowe
66%
Spital
66%
Bromborough Rake
64%
Hooton
63%
Eastham Rake
61%
Wallasey Village
59%
Bache
58%
Capenhurst
54%
Manor Road
50%
Wallasey Grove Road
50%
Little Sutton
43%
Overpool
39%
No matching quizzes found
Score Distribution
Percent of People with Each Score
Percentile by Number Answered
Your Score History
You have not taken this quiz